00569nam a2200181Ia 4500008004100000020001100041040001900052041001200071082002500083100003000108245009500138260004600233300002200279650001500301651002300316700003000339850001800369131103s9999 xx 000 0 und d cRs.100 aLoreto College aEnglish a801/LITbLCLIB/41975 aLiterary Society Of India aLiterature and criticismb the journal of the Literary Society Of India cLiterary Society aCalcuttabLiterary Society Of Indiac2001 aV.1,no.1 c 24cm. aLiterature aLiterary Criticism aLiterary Society Of India aLCLIB/801/LIT